Loading...

Journal of systems management

Bibliographic Details
Other Authors: Haslett, J.W (Editor)
Language:English
Published: Chio Association for systems management 1972
LEADER 00553nam a22001457a 4500
005 20151215125506.0
008 091222t xxu||||| |||| 00| 0 eng d
082 |a 658.403 200 5   |b JSM 
100 |a Haslett, J.W.  |e Editor  |9 13816 
245 |a Journal of systems management 
942 |c BV  |6 _ 
260 |b Association for systems management  |c 1972  |a Chio 
500 |a vol.25 ( No-1-4, 6-10. 12) vol 26 ( no.1-9) 
999 |c 105320  |d 105320 
952 |0 0  |1 0  |2 ddc  |4 0  |6 658403_2005JSM  |7 0  |9 132780  |a SMS  |b SMS  |c REF  |d 2009-12-22  |o 658.403 200 5 JSM  |p SMS011067  |r 2009-12-22  |w 2009-12-22  |y BV